000 00853nam a2200289Ia 4500
005 20260324114402.0
008 008 260324s9999 xx 000 0 eng d
020 _a9781003347798
037 _aEBOOK
040 _aCRL
040 _beng
040 _cCRL
041 _2eng
041 _aeng
084 _qCRL
100 _aNur Arifah Drajati; Kristian Adi Putra
_91150561
245 0 _aTeacher Education and Teacher Professional Development in the COVID-19 Turn
245 0 _bProceedings of the International Conference on Teacher Training and Education (ICTTE 2021), Surakarta, Indonesia, August 25–26, 2021
260 _bTaylor and Francis
260 _c2022
365 _a
365 _b260
856 _uhttp://www.taylorfrancis.com/books/9781003347798
942 _cEBOOK
999 _c1740719
_d1740719